Make Your Bed Little Things That Can Change Your Life And Maybe The World (Record no. 41431)
[ view plain ]
| 000 -LEADER | |
|---|---|
| fixed length control field | 00439nam a2200145Ia 4500 |
| 008 - FIXED-LENGTH DATA ELEMENTS--GENERAL INFORMATION | |
| fixed length control field | 240719s9999 xx 000 0 und d |
| 041 ## - LANGUAGE CODE | |
| Language code of text/sound track or separate title | eng |
| 082 ## - DEWEY DECIMAL CLASSIFICATION NUMBER | |
| Classification number | 158.1 MCR |
| 100 ## - MAIN ENTRY--PERSONAL NAME | |
| Personal name | Mcraven, H William |
| 245 ## - TITLE STATEMENT | |
| Title | Make Your Bed Little Things That Can Change Your Life And Maybe The World |
| 260 ## - PUBLICATION, DISTRIBUTION, ETC. | |
| Place of publication, distribution, etc. | New Delhi |
| Name of publisher, distributor, etc. | Penguin Random House |
| Date of publication, distribution, etc. | 2017 |
| 300 ## - PHYSICAL DESCRIPTION | |
| Extent | 130.; P. 22 Cm |
| 365 ## - TRADE PRICE | |
| Currency code | RS |
| 520 ## - SUMMARY, ETC. | |
| Summary, etc. | Faculty Purchase By Dr. Jitendra Sharma |
| Withdrawn status | Lost status | Damaged status | Not for loan | Home library | Current library | Shelving location | Date acquired | Source of acquisition | Cost, normal purchase price | Total Checkouts | Full call number | Barcode | Date due | Date last seen | Date last checked out | Price effective from | Koha item type |
|---|---|---|---|---|---|---|---|---|---|---|---|---|---|---|---|---|---|
| IMTN | IMTN | Rack 1-B | 07/08/2023 | Amazon | 209.00 | 1 | 158.1 MCR | 33126 | 10/20/2025 | 10/10/2025 | 10/10/2025 | 10/05/2023 | Books |